Extracción y transplante de órganos y tejidos humanos Problemática jurídica (Registro nro. 29302)

Detalles MARC
000 -ENCABEZADO
Número de control [NR] 01000nam a2200265Ia 4500
008 - DE LONGITUD FIJA DE DATOS DE ELEMENTOS - INFORMACIÓN GENERAL
Elementos de longitud fija [NR] 130821s1996 sp gr spa
020 ## - NUMERO INTERNACIONAL NORMALIZADO PARA LIBROS [R]
Número Internacional Normalizado del libro [NR] 8472483258
040 ## - FUENTE DE CATALOGACION [NR]
Agencia de catalogación original [NR] Co-BoUCM
Idioma de catalogación [NR] spa
041 00 - CODIGO DE IDIOMA [R]
Código de idioma para texto/pista de sonido o título separado [R] Español
100 1# - ASIENTO PRINCIPAL--NOMBRE PERSONAL [NR]
Nombre personal [NR] Angoitia Gorostiaga, Victor
Fechas asociadas con el nombre [NR] 19?-2008
ID Autoridad 157836
245 10 - MENCION DE TITULO [NR]
Título [NR] Extracción y transplante de órganos y tejidos humanos Problemática jurídica
Mención de responsabilidad, etc. [NR] Victor Angoitia Gorostiaga
260 ## - PUBLICACION, DISTRIBUCION, ETC. (PIE DE IMPRENTA) [R]
Lugar de publicación, distribución, etc. [R] Madrid (España)
Nombre del editor, distribuidor, etc. [R] Marcial Pons, Ediciones Jurídicas y Sociales
Fecha de publicación, distribución, etc. [R] 1996
300 ## - DESCRIPCION FISICA [R]
Extensión [R] 517 páginas
490 ## - MENCION DE SERIE [R]
Mención de serie [R] Monografías Jurídicas
504 ## - NOTA DE BIBLIOGRAFIA, ETC. [R]
Nota de bibliografía, etc. [NR]
650 04 - ASIENTO SECUNDARIO DE MATERIA - TERMINO TEMATICO [R]
Término temático o nombre geográfico como elemento de entrada [NR] Derecho de salud
9 (RLIN) 26468
650 04 - ASIENTO SECUNDARIO DE MATERIA - TERMINO TEMATICO [R]
Término temático o nombre geográfico como elemento de entrada [NR] Ética médica
9 (RLIN) 15252
650 04 - ASIENTO SECUNDARIO DE MATERIA - TERMINO TEMATICO [R]
Término temático o nombre geográfico como elemento de entrada [NR] Legislación
9 (RLIN) 7782
650 04 - ASIENTO SECUNDARIO DE MATERIA - TERMINO TEMATICO [R]
Término temático o nombre geográfico como elemento de entrada [NR] Medicina legal
9 (RLIN) 19167
650 04 - ASIENTO SECUNDARIO DE MATERIA - TERMINO TEMATICO [R]
Término temático o nombre geográfico como elemento de entrada [NR] Trasplantes de órganos, tejidos, etc.
9 (RLIN) 25728
650 04 - ASIENTO SECUNDARIO DE MATERIA - TERMINO TEMATICO [R]
Término temático o nombre geográfico como elemento de entrada [NR] Trasplantes de órganos, tejidos, etc.
Subdivisión general [R] Legislación
9 (RLIN) 156455
651 ## - ASIENTO SECUNDARIO DE MATERIA - NOMBRE GEOGRAFICO [R]
Nombre geográfico [NR] España
9 (RLIN) 26943
942 ## - ELEMENTOS DE ENTRADA AGREGADOS (KOHA)
Tipo de ítem principal el descrito en 300a Libro
Tema principal Derecho
Edición 1
Parte restante de la signatura top. A592E
Sistema de clasificación DEWEY
Clasificación 344.04194
Existencias
Fecha de último préstamo Total préstamos Total Renewals Signatura topográfica Código de barras Última vez visto Ejemplar Price effective from Tipo de ítem Perdido Sistema de clasificación Dañado No prestable Tipo de ítem específico Suprimido Ubicación habitual Ubicación actual Localización Fecha de creación Forma de adquisición Costo
21/02/2023 32 29 344.04194 A592E 100052416 05/12/2025 Ej.1 03/02/2013 Libro   DEWEY     Libro   Claustro Claustro 3er piso 28/02/2003 Compra 74000.00